<?xml version="1.0" encoding="UTF-8"?>
<record
    xmlns:xsi="http://www.w3.org/2001/XMLSchema-instance"
    xsi:schemaLocation="http://www.loc.gov/MARC21/slim http://www.loc.gov/standards/marcxml/schema/MARC21slim.xsd"
    xmlns="http://www.loc.gov/MARC21/slim">

  <leader>01801nam a2200361 a 4500</leader>
  <controlfield tag="005">20240412115347.0</controlfield>
  <controlfield tag="008">110405t2005||||AG a   f |||| 001 0 spa d</controlfield>
  <datafield tag="020" ind1=" " ind2=" ">
    <subfield code="a">9879838831</subfield>
  </datafield>
  <datafield tag="041" ind1=" " ind2=" ">
    <subfield code="a">spa</subfield>
  </datafield>
  <datafield tag="092" ind1=" " ind2=" ">
    <subfield code="c">616.12</subfield>
    <subfield code="l">17</subfield>
    <subfield code="s">DOV</subfield>
  </datafield>
  <datafield tag="100" ind1="1" ind2=" ">
    <subfield code="a">Doval, Hern&#xE1;n C.</subfield>
    <subfield code="9">3035</subfield>
  </datafield>
  <datafield tag="245" ind1=" " ind2=" ">
    <subfield code="a">Evidencias en Cardiolog&#xED;a IV. Manual pr&#xE1;ctico.</subfield>
    <subfield code="b">De los ensayos cl&#xED;nicos a las conductas terap&#xE9;uticas /</subfield>
    <subfield code="c">Hern&#xE1;n C. Doval</subfield>
  </datafield>
  <datafield tag="250" ind1=" " ind2=" ">
    <subfield code="a">4a ed. ampliada y actualizada</subfield>
  </datafield>
  <datafield tag="260" ind1=" " ind2=" ">
    <subfield code="a">Buenos Aires: </subfield>
    <subfield code="b">GEDIC;</subfield>
    <subfield code="c">2005.</subfield>
  </datafield>
  <datafield tag="300" ind1=" " ind2=" ">
    <subfield code="a">790 p.</subfield>
    <subfield code="b">il.</subfield>
  </datafield>
  <datafield tag="500" ind1=" " ind2=" ">
    <subfield code="a">Doval, H. C. et al. (2005). Evidencias en Cardiolog&#xED;a IV. Manual pr&#xE1;ctico. De los ensayos cl&#xED;nicos a las conductas terap&#xE9;uticas. (4a ed.). Buenos Aires : GEDIC ; Atlante. </subfield>
  </datafield>
  <datafield tag="653" ind1=" " ind2=" ">
    <subfield code="a">Prevenci&#xF3;n cardiovascular</subfield>
  </datafield>
  <datafield tag="653" ind1=" " ind2=" ">
    <subfield code="a">Cardiopat&#xED;a isqu&#xE9;mica</subfield>
  </datafield>
  <datafield tag="653" ind1=" " ind2=" ">
    <subfield code="a">Insuficiencia card&#xED;aca y miocardiopat&#xED;as</subfield>
  </datafield>
  <datafield tag="653" ind1=" " ind2=" ">
    <subfield code="a">Arritmias y s&#xED;ncopes</subfield>
  </datafield>
  <datafield tag="653" ind1=" " ind2=" ">
    <subfield code="a">Valvulopat&#xED;as</subfield>
  </datafield>
  <datafield tag="653" ind1=" " ind2=" ">
    <subfield code="a">Enfermedad vascular</subfield>
  </datafield>
  <datafield tag="653" ind1=" " ind2=" ">
    <subfield code="a">Efectos adversos por grupos terap&#xE9;uticos</subfield>
  </datafield>
  <datafield tag="653" ind1=" " ind2=" ">
    <subfield code="a">Ap&#xE9;ndice. A: Criterios electrocardiogr&#xE1;ficos de hipertrofia ventricular. B: Criterios de Framingham para el diagn&#xF3;stico de ICC. C: Cateterismo con Swan-Ganz (valores normales en mmHg). 1-C&#xE1;lculo de par&#xE1;metros hemodin&#xE1;micos habituales. 2-Curvas normales.</subfield>
  </datafield>
  <datafield tag="653" ind1=" " ind2=" ">
    <subfield code="a">Frogas: 1-Inotr&#xF3;picos. 2-Antihipertensivos y vasodilatadores. 3-Inhibidores de glicoprote&#xED;na llb-lla. 4-Trombol&#xED;ticos</subfield>
  </datafield>
  <datafield tag="653" ind1=" " ind2=" ">
    <subfield code="a">Estratificaci&#xF3;n de riesgo. 1-Riesgo cl&#xED;nico (pre-test) de tromboembolismo de pulm&#xF3;n. 2-Angina inestable</subfield>
  </datafield>
  <datafield tag="700" ind1="1" ind2=" ">
    <subfield code="a">Tajer, Carlos D.</subfield>
    <subfield code="9">3036</subfield>
  </datafield>
  <datafield tag="700" ind1="1" ind2=" ">
    <subfield code="a">Ferrante, Daniel</subfield>
    <subfield code="e">Coord.</subfield>
    <subfield code="9">3037</subfield>
  </datafield>
  <datafield tag="700" ind1="1" ind2=" ">
    <subfield code="a">Gagliardi, Juan</subfield>
    <subfield code="e">Co-dir</subfield>
    <subfield code="9">3038</subfield>
  </datafield>
  <datafield tag="700" ind1="1" ind2=" ">
    <subfield code="a">De Abreu, Maximiliano</subfield>
    <subfield code="e">Coord.</subfield>
    <subfield code="9">3039</subfield>
  </datafield>
  <datafield tag="700" ind1="1" ind2=" ">
    <subfield code="a">Mariani, Javier</subfield>
    <subfield code="e">Cood.</subfield>
    <subfield code="9">3040</subfield>
  </datafield>
  <datafield tag="942" ind1=" " ind2=" ">
    <subfield code="2">ddc</subfield>
    <subfield code="c">BK</subfield>
  </datafield>
  <datafield tag="999" ind1=" " ind2=" ">
    <subfield code="c">2246</subfield>
    <subfield code="d">2246</subfield>
  </datafield>
  <datafield tag="952" ind1=" " ind2=" ">
    <subfield code="0">0</subfield>
    <subfield code="1">0</subfield>
    <subfield code="2">ddc</subfield>
    <subfield code="4">0</subfield>
    <subfield code="7">0</subfield>
    <subfield code="a">BFM</subfield>
    <subfield code="b">BFM</subfield>
    <subfield code="c">CR</subfield>
    <subfield code="d">2016-03-17</subfield>
    <subfield code="e">Donaci&#xF3;n marzo 2016</subfield>
    <subfield code="l">1</subfield>
    <subfield code="o">616.12 17 DOV</subfield>
    <subfield code="p">3638</subfield>
    <subfield code="r">2025-08-05</subfield>
    <subfield code="s">2025-07-03</subfield>
    <subfield code="t">Ej.1</subfield>
    <subfield code="w">2016-03-17</subfield>
    <subfield code="y">BK</subfield>
    <subfield code="z">Donaci&#xF3;n marzo 2016</subfield>
  </datafield>
</record>
